书目信息 |
| 题名: |
俄罗斯思想
|
|
| 作者: | 尼·别尔嘉耶夫 ;邱守娟 , 雷永生 译 | |
| 分册: | ||
| 出版信息: | 北京 生活·读书·新知 三联书店 1995 |
|
| 页数: | 251页 | |
| 开本: | 20cm | |
| 丛书名: | ||
| 单 册: | ||
| 中图分类: | B512.5 | |
| 科图分类: | ||
| 主题词: | 哲学--欧洲 | |
| 电子资源: | ||
| ISBN: | 7-108-00723-1 | |
| 000 | 00673nam0 2200205 450 | |
| 001 | 0728815141 | |
| 005 | 20070819080015.14 | |
| 010 | @a7-108-00723-1@d¥13.00 | |
| 100 | @a20070819d km y0chiy0120 ea | |
| 101 | 0 | @achi |
| 200 | 1 | @a俄罗斯思想@Ae luo si si xiang@f尼·别尔嘉耶夫@Fni·bie er jia ye fu@g雷永生,邱守娟译@Glei yong sheng,qiu shou juan yi |
| 210 | @a北京@c生活·读书·新知 三联书店@d1995 | |
| 215 | @a251页@d20cm | |
| 606 | 0 | @a哲学@x欧洲 |
| 690 | @aB512.5@v3 | |
| 701 | 0 | @a尼·别尔嘉耶夫@Ani·bie er jia ye fu |
| 702 | 0 | @a邱守娟@Aqiu shou juan@4译 |
| 702 | 0 | @a雷永生@Alei yong sheng@4译 |
| 801 | 0 | @aCN@bPFT@c20070819 |
| 905 | @a213230@dB512.5@eZW176@f1 | |
| 俄罗斯思想/尼·别尔嘉耶夫/雷永生,邱守娟译.-北京:生活·读书·新知 三联书店,1995 |
| 251页;20cm |
| ISBN 7-108-00723-1:¥13.00 |
| ● |
| 相关链接 |
|
|
|
|
正题名:俄罗斯思想
索取号:B512.5/ZW176
 
预约/预借
| 序号 | 登录号 | 条形码 | 馆藏地/架位号 | 状态 | 备注 |
| 1 | 7600304 | 276003049 | 密集书库-文学院/ [索取号:B512.5/ZW176] | 在馆 |